| 000 | 00450nam a2200169Ia 4500 | ||
|---|---|---|---|
| 003 | LK-CoDNM | ||
| 008 | 010623t1932 xxu||||| |||| 00| 1 sin d | ||
| 040 |
_aLK-CoDNM _dLK-CoDNM _eLK-CoDNM |
||
| 041 | _asin | ||
| 080 | _a104 I 11 | ||
| 100 | _aWijevera,Hendric. | ||
| 245 | _aබර්හ්ම වින්සතිය | ||
| 246 | _aBrhama Vinsatiya : Senasu Sapaya | ||
| 260 |
_bDarmabandu _aTagalla _c1932 |
||
| 300 | _b24p, 21 cm | ||
| 942 | _cBK | ||
| 999 |
_c96343 _d96343 |
||